| 000 | 01008nam a22003017a 4500 | ||
|---|---|---|---|
| 003 | CHAP | ||
| 005 | 20220329140102.0 | ||
| 008 | 971013s1987 r 10010 d | ||
| 010 | _a46751 | ||
| 011 | _a47723 | ||
| 035 | _a51866 | ||
| 040 | _cCHAP | ||
| 090 | _aFolleto 11285 1987 | ||
| 111 | 0 | 0 |
_aReunión Nacional sobre el Conocimiento y Aprovechamiento del Nopal ( _n2 _d: 1987 _c: México, D. F.) _996564 |
| 245 | _aResúmenes | ||
| 260 |
_a(s.l.) : _b(s.e.), _c(1987?) |
||
| 300 | _a35 p. | ||
| 590 |
_aBATCH-UPD _b10 _c20130110 _lUCH01 _h1116 |
||
| 590 |
_aBATCH-UPD _b10 _c20130410 _lUCH01 _h0706 |
||
| 590 |
_aBATCH-UPD _b10 _c20130914 _lUCH01 _h1841 |
||
| 590 |
_aCONVERSION _b10 _c20130109 _lUCH01 _h1326 |
||
| 650 | 1 | 4 |
_aNopal. _981647 |
| 710 |
_aUniversidad Nacional Autónoma de México. Instituto de Biología _9116539 |
||
| 901 | _aBK | ||
| 942 | _cFOLL | ||
| 949 |
_aFolleto 11285 1987 _bBC _cCONG _d-115852 _eCONG _fc.2 _i51866 _si |
||
| 949 |
_aFolleto 11285 1987 _bBC _cFOLL _d-115851 _eTS1 _i51866 _si |
||
| 999 |
_c46751 _d46751 |
||